| 000 | 03039nam a2200301 a 4500 | ||
|---|---|---|---|
| 005 | 20260112063321.0 | ||
| 010 | _a2013-024948 | ||
| 020 | _a9780521876063 (hardback) | ||
| 020 | _a9780521699464 (paperback) | ||
| 039 |
_a202110201643 _bstaff _c201502171538 _d staff _c201412241002 _d staff _y 201412241000 _z staff |
||
| 082 |
_a945.05 _bWYA [Shelf 58 ] |
||
| 245 |
_aThe Cambridge companion to the Italian Renaissance / _cedited by Michael Wyatt. |
||
| 264 |
_aCambridge : _bCambridge University Press, _c2014. |
||
| 300 |
_axxvii, 442 pages : _billustrations, maps ; _c24 cm. |
||
| 490 | _aCambridge companions to culture | ||
| 504 | _aIncludes bibliographical references (pages 386-430) and index. | ||
| 505 | _aMachine generated contents note: Renaissances Michael Wyatt; 1. Artistic geographies Stephen Campbell; 2. Antiquities Kathleen Christian; 3. Mapping and voyages Francesca Fiorani; 4. Artists' workshops Patricia Reilly; 5. Technologies Michael Wyatt; 6. Languages Maurizio Campanelli; 7. Manuscript, print, and the circulation of texts Brian Richardson; 8. Education Paul Grendler; 9. Verse Deanna Shemek; 10. Prose Jon Snyder; 11. Music Giuseppe Gerbino; 12. Spectacle Ronald Martinez; 13. Philosophy Diego Pirillo; 14. Religion Adriano Prosperi; 15. Political cultures Mark Jurdjevic; 16. Economies Judith Brown; 17. Kinship, marriage, family Giovanna Benadusi; 18. Science and medicine Katharine Park and Concetta Pennutto; Bibliography. | ||
| 520 |
_a"The Renaissance in Italy continues to exercise a powerful hold on the popular imagination and on scholarly enquiry. This Companion presents a lively, interdisciplinary and current approach to the period that extends in Italy from the turn of the fourteenth century through the latter decades of the sixteenth. Addressed to students, scholars and non-specialists, it introduces the richly varied materials and phenomena as well as the different methodologies through which the Renaissance is studied today in both the English-speaking world and in Italy. The chapters are organised around axes of humanism, historiography and cultural production, and cover many areas including literature, science, music, religion, education, technology, artistic production and economics. The diffusion of the Renaissance throughout Italian territories is emphasised. Overall, the Companion provides an essential overview of a period that witnessed both a significant revalidation of the classical past and the development of new, vernacular and increasingly secular values"-- _cProvided by publisher. |
||
| 650 |
_aRenaissance _z Italy. |
||
| 650 |
_aLITERARY CRITICISM / European / General. _2 bisacsh |
||
| 651 |
_aItaly _x Civilization _y 1268-1559. |
||
| 651 |
_aItaly _x Intellectual life _y 1268-1559. |
||
| 651 |
_aItaly _x Social conditions _y 1268-1559. |
||
| 700 |
_aWyatt, Michael, _d 1956- _e editor. |
||
| 991 | _aVIRTUA40 | ||
| 991 | _aVTLSSORT0080*0100*0200*0201*0820*2450*2640*3000*4900*5040*5050*5200*6500*6501*6510*6511*6512*7000*9992 | ||
| 909 | _a5222 | ||
| 999 |
_c4684 _d4684 |
||